|
|
|
|
| LEADER |
00745nam a22001937a 4500 |
| 008 |
141231b xxu||||| |||| 00| 0 eng d |
| 020 |
|
|
|a 9780000169716
|
| 082 |
|
|
|a 894.13 KUR
|
| 100 |
|
|
|a കുര്യന്, ബേബി
|
| 240 |
|
|
|a Thottam
|
| 245 |
|
|
|a തോട്ടം /
|c ബേബി കുര്യന്
|
| 250 |
|
|
|a 1st ed.
|
| 260 |
|
|
|a കോട്ടയം :
|b സാഹിത്യപ്രവര്ത്തക സഹകരണസംഘം,
|
| 300 |
|
|
|a 128p.
|
| 650 |
|
|
|a Novel
|
| 700 |
|
|
|a Kurian, Baby
|
| 942 |
|
|
|2 ddc
|c BK
|
| 999 |
|
|
|c 9224
|d 9224
|
| 952 |
|
|
|0 0
|1 0
|2 ddc
|4 0
|6 894_130000000000000_KUR
|7 0
|9 13104
|a MAIN
|b MAIN
|d 2014-12-31
|e National Book Stall
|g 95.00
|l 1
|o 894.13 KUR
|p 13292
|r 2015-10-31
|s 2015-10-29
|t 1
|w 2014-12-31
|y BK
|